|
|
|
|
| LEADER |
02115nam a2200481 a 4500 |
| 001 |
AAL5739 |
| 003 |
BD-DhAAL |
| 005 |
20190624165247.0 |
| 008 |
891211t19909999enkar r 0 a0eng c |
| 999 |
|
|
|c 37543
|d 37543
|
| 010 |
|
|
|a 90657474
|z sn 90024861
|
| 040 |
|
|
|a SLW
|b eng
|c SLW
|d HUL
|d DLC
|d NST
|d DLC
|d OCLCQ
|d HLS
|d TJC
|d SINLB
|d DEBBG
|d GBVCP
|d OCLCA
|d HLS
|d UKMGB
|d OCLCQ
|d OCLCO
|d OCLCF
|d OCLCO
|d BD-DhAAL
|
| 050 |
0 |
0 |
|a JN248
|b .C5548
|
| 082 |
0 |
0 |
|a 351/.00025/171241
|2 20
|
| 082 |
0 |
4 |
|a 909.09171241
|2 20
|
| 210 |
1 |
|
|a Commonw. minist. ref. book
|
| 222 |
|
0 |
|a Commonwealth ministers reference book
|
| 245 |
0 |
4 |
|a The Commonwealth ministers reference book.
|
| 260 |
|
|
|a London :
|b Kensington Publications in conjunction with the Commonwealth Secretariat,
|c [1989]-
|
| 260 |
3 |
|
|a London :
|b Henley Media Group in association with the Commonwealth Secretariat
|
| 300 |
|
|
|a v. :
|b ill. (some col.) ;
|c 30 cm.
|
| 310 |
|
|
|a Annual
|
| 362 |
0 |
|
|a 1995/96
|
| 525 |
|
|
|a Issue for 2010 accompanied by CD-ROM supplement: Commonwealth ministers' connect card.
|
| 541 |
|
|
|e 5739
|
| 590 |
|
|
|a SERBIB/SERLOC merged record
|
| 610 |
2 |
0 |
|a Commonwealth (Organization)
|v Directories.
|9 19473
|
| 610 |
2 |
7 |
|a Commonwealth (Organization)
|2 fast
|9 19474
|
| 650 |
|
0 |
|a Administrative agencies
|z Commonwealth countries
|v Directories.
|9 19475
|
| 650 |
|
0 |
|a Associations, institutions, etc.
|z Commonwealth countries
|v Directories.
|9 19476
|
| 650 |
|
7 |
|a Administrative agencies.
|2 fast
|9 19477
|
| 650 |
|
7 |
|a Associations, institutions, etc.
|2 fast
|9 19478
|
| 650 |
|
7 |
|a Employees.
|2 fast
|9 19479
|
| 651 |
|
0 |
|a Commonwealth countries
|x Officials and employees
|v Directories.
|9 19480
|
| 651 |
|
7 |
|a Commonwealth countries.
|2 fast
|9 19481
|
| 655 |
|
7 |
|a Directories.
|2 fast
|9 32708
|
| 710 |
2 |
|
|a Commonwealth Secretariat.
|9 19483
|
| 850 |
|
|
|a CSt
|a DLC
|a MH-BA
|a NcD
|
| 852 |
|
|
|a Savar Campus Library
|c General Shelf
|
| 853 |
2 |
0 |
|8 1
|a (year)
|
| 863 |
4 |
1 |
|8 1.1
|a <2008>
|
| 942 |
|
|
|2 ddc
|c BK
|
| 952 |
|
|
|0 0
|1 0
|2 ddc
|4 0
|6 351_000000000000000__00025_171241_COM
|7 0
|9 58951
|a SCL
|b SCL
|c GEN
|d 2016-05-09
|l 0
|o 351.00025171241 COM
|p 3020005739
|r 2016-05-09
|t 1
|w 2016-05-09
|y BK
|